| 000 | 00567cam a22002291 4500 | ||
|---|---|---|---|
| 001 | sa 68005294 | ||
| 003 | DLC | ||
| 005 | 20260227112507.0 | ||
| 008 | 901108s1966 ii 000 0 hino | ||
| 010 | _asa 68005294 | ||
| 035 | _a(OCoLC)22651846 | ||
| 040 |
_aDLC _cWaU _dDLC |
||
| 042 | _apremarc | ||
| 043 | _aa-ii--- | ||
| 050 | 0 | 0 |
_aDS347 _b.S55 |
| 100 | 1 |
_aShukla, Amar Nath, _d1928- |
|
| 245 | 1 | 0 | _aHamāre sādhaka, hamārī siddhiyām̐. |
| 260 | _c[1966] | ||
| 300 |
_a127 p. _c18 cm. |
||
| 500 | _aIn Hindi. | ||
| 651 | 0 |
_aIndia _xHistory _vAnecdotes. |
|
| 999 |
_c80635 _d80635 |
||